[Event "World Blitz Women 2017"]
[Site "Riyadh KSA"]
[Date "2017.12.29"]
[Round "9.25"]
[White "Zatonskih, Anna"]
[Black "Bulmaga, Irina"]
[Result "0-1"]
[WhiteTitle "IM"]
[BlackTitle "IM"]
[WhiteElo "2452"]
[BlackElo "2427"]
[WhiteFideId "14101572"]
[BlackFideId "13903063"]
[EventDate "2017.12.29"]

1. d4 Nf6 2. Nf3 e6 3. g3 b6 4. Bg2 Bb7 5. O-O Be7 6. c4 d5 7. cxd5 exd5 8. Nc3
O-O 9. Bf4 c5 10. Rc1 Nc6 11. Bg5 cxd4 12. Nxd4 Nxd4 13. Qxd4 h6 14. Bf4 Bc5 15.
Qd3 Qe7 16. a3 d4 17. Bxb7 Qxb7 18. Nb1 a5 19. Nd2 Rfe8 20. Nb3 Qd5 21. Rfd1
Rad8 22. Qb5 Qe4 23. Nxc5 bxc5 24. Rxc5 Rc8 25. Rxc8 Rxc8 26. Rf1 Rc2 27. Qxa5
Rxe2 28. b4 Nd5 29. Bc1 d3 30. Qd8+ Kh7 31. b5 d2 32. Bxd2 Rxd2 33. b6 Rb2 34.
Qc8 Rxb6 35. a4 Rb2 36. Qc5 Ra2 37. Rd1 Nf6 38. a5 Qc2 39. Qxc2+ Rxc2 40. Ra1
Rc7 41. a6 Ra7 42. Kf1 Nd5 43. Ra5 Nc7 44. Rc5 Nxa6 45. Ra5 Ra8 46. h4 Nc7 47.
Rc5 Ne6 48. Rc4 Ra1+ 49. Kg2 Ra2 50. Re4 h5 51. Re5 g6 52. Rd5 Kg7 53. Rd3 Kf6
54. Rf3+ Ke7 55. Re3 Kf8 56. Rd3 Ng7 57. Rc3 Nf5 58. Rd3 Kg7 59. Rc3 Nd6 60. Re3
f5 61. Rf3 Ne4 62. Rf4 Kf6 63. Kf1 Ra1+ 64. Kg2 Ra2 65. Kf1 Ke5 66. Kg2 Nf6 67.
Kf1 Ra1+ 68. Ke2 Ne4 69. Kf3 Rd1 70. Kg2 Rd4 71. Kg1 Nd2 72. Rxd4 Kxd4 73. Kg2
Ke4 74. Kg1 Kf3 75. g4 fxg4 76. Kh1 Kxf2 77. Kh2 g3+ 78. Kh3 g2 0-1

[Event "World Blitz Women 2017"]
[Site "Riyadh KSA"]
[Date "2017.12.29"]
[Round "9.26"]
[White "Pham, Le Thao Nguyen"]
[Black "Batchimeg, Tuvshintugs"]
[Result "1/2-1/2"]
[WhiteTitle "IM"]
[BlackTitle "IM"]
[WhiteElo "2354"]
[BlackElo "2398"]
[WhiteFideId "12401226"]
[BlackFideId "4900839"]
[EventDate "2017.12.29"]

1. d4 Nf6 2. Nf3 g6 3. Bf4 d6 4. e3 Bg7 5. Be2 O-O 6. O-O b6 7. a4 a6 8. h3 Bb7
9. c3 Nbd7 10. Bh2 Qc8 11. Na3 c5 12. Qb3 Bd5 13. c4 Bb7 14. d5 Ne8 15. Nb1 a5
16. Nc3 Nc7 17. Qc2 Na6 18. Qd2 Nb4 19. Bg3 Ba6 20. Rac1 Qc7 21. Nh2 Ne5 22. b3
f5 23. f4 Nd7 24. Nf3 Nf6 25. Ng5 Bc8 26. Bf3 h6 27. Ne6 Bxe6 28. dxe6 Rad8 29.
Bd5 Nbxd5 30. cxd5 Qb7 31. Rfd1 Ne4 32. Nxe4 fxe4 33. Qc2 b5 34. Qxe4 Kh7 35.
Kh2 bxa4 36. bxa4 Qb4 37. Rc4 Qb3 38. Rdc1 Rb8 39. Be1 Ra8 40. Rb1 Qa2 41. Rb7
Bf6 42. Bc3 Rae8 43. Bxa5 Qe2 44. Bc3 Bxc3 45. Rxc3 Rf5 46. Rcb3 Qd2 47. Rd3 Qa2
48. Rd1 Qa3 49. Rdb1 Qa2 50. R1b3 Qd2 51. Rd3 Qa2 52. Qf3 c4 53. Rd4 c3 54. Rc7
c2 55. Rdc4 c1=Q 56. Rxc1 Rxd5 57. e4 Rd2 58. f5 Rf2 59. fxg6+ Kg7 60. Qg3 Rf6
61. R1c2 Qa1 62. Qc3 Qf1 63. Qg3 Rxg6 64. Qc3+ Rf6 65. e5 Qf4+ 66. Qg3+ Qxg3+
67. Kxg3 Rxe6 68. exd6 Rxd6 69. Ra2 Kf7 70. a5 Ra8 71. Rc5 Rg6+ 72. Kf3 Raa6 73.
Rf5+ Kg7 74. g4 Rgc6 75. Re5 Kf6 76. Rae2 e6 77. R2e3 Rc4 78. Rb5 Ra4 79. Ree5
Ra3+ 80. Kg2 Kg6 81. Rec5 Rd6 82. Rb2 Ra6 83. Re2 Kf6 84. Rf2+ Kg6 85. Re2 Kf6
86. Ree5 Rd6 87. Re2 Ra6 88. Rec2 Rd6 89. Re2 1/2-1/2

[Event "World Blitz Women 2017"]
[Site "Riyadh KSA"]
[Date "2017.12.29"]
[Round "9.27"]
[White "Socko, Monika"]
[Black "Fataliyeva, Ulviyya"]
[Result "1-0"]
[WhiteTitle "GM"]
[BlackTitle "WGM"]
[WhiteElo "2471"]
[BlackElo "2384"]
[WhiteFideId "1106619"]
[BlackFideId "13403052"]
[EventDate "2017.12.29"]

1. d4 e6 2. c4 Nf6 3. g3 d5 4. Bg2 dxc4 5. Nf3 Bb4+ 6. Bd2 a5 7. O-O O-O 8. Qc2
b5 9. a4 c6 10. axb5 Bxd2 11. Nfxd2 Qxd4 12. bxc6 Ra7 13. Nxc4 Qc5 14. Ne3 Qxc2
15. Nxc2 Nd5 16. Nd4 Nb4 17. Nc3 Ra6 18. c7 Nd7 19. Rfc1 Nb6 20. Ncb5 N6d5 21.
e4 Ne7 22. Rc4 Bd7 23. Rxb4 Rd6 24. Rc4 e5 25. Nxd6 1-0

[Event "World Blitz Women 2017"]
[Site "Riyadh KSA"]
[Date "2017.12.29"]
[Round "9.28"]
[White "Shuvalova, Polina"]
[Black "Zhu, Chen"]
[Result "0-1"]
[WhiteTitle "WIM"]
[BlackTitle "GM"]
[WhiteElo "2385"]
[BlackElo "2423"]
[WhiteFideId "24171760"]
[BlackFideId "8600546"]
[EventDate "2017.12.29"]

1. d4 Nf6 2. c4 e6 3. g3 d5 4. Nf3 Bb4+ 5. Bd2 Be7 6. Bg2 O-O 7. O-O c6 8. Qc2
b6 9. b3 a5 10. Nc3 Ba6 11. Rfd1 Nbd7 12. Bf4 Rc8 13. Ne5 Nh5 14. Be3 Nhf6 15.
Bf4 Nh5 16. Be3 h6 17. Bf3 Nhf6 18. Bf4 Nxe5 19. dxe5 Nd7 20. e4 dxc4 21. bxc4
Bxc4 22. Na4 Bb5 23. Nxb6 Qxb6 24. Rxd7 Bc5 25. Rc1 Ba3 26. Rcd1 Rc7 27. h4 Rxd7
28. Rxd7 c5 29. Rd6 Qb7 30. Be3 c4 31. Rd1 Rc8 32. Rb1 Qd7 33. Rd1 Qc6 34. h5
Ba4 35. Qc3 Bb4 36. Qd4 Bxd1 37. Bxd1 c3 38. Bc2 Qc4 39. Qd7 Qc7 40. Qd4 Rd8 0-1

[Event "World Blitz Women 2017"]
[Site "Riyadh KSA"]
[Date "2017.12.29"]
[Round "9.29"]
[White "Ovod, Evgenija"]
[Black "Ordaz Valdes, Lisandra Teresa"]
[Result "0-1"]
[WhiteTitle "IM"]
[BlackTitle "WGM"]
[WhiteElo "2364"]
[BlackElo "2414"]
[WhiteFideId "4131827"]
[BlackFideId "3506940"]
[EventDate "2017.12.29"]

1. d4 d5 2. Bf4 Nf6 3. e3 c5 4. c3 Nc6 5. Nd2 g6 6. Ngf3 Bg7 7. h3 O-O 8. Bd3
Nd7 9. O-O e5 10. dxe5 Ndxe5 11. Be2 Bf5 12. Qb3 Na5 13. Qa3 Nd3 14. Bg3 b5 15.
Bxd3 Bxd3 16. Rfe1 Qb6 17. Be5 Nc4 18. Nxc4 dxc4 19. Bxg7 Kxg7 20. b4 cxb4 21.
Qxb4 a5 22. Qb2 Rab8 23. Nd4 Kg8 24. a3 b4 25. axb4 axb4 26. cxb4 Qxb4 27. Qxb4
Rxb4 28. Rec1 Rb6 29. Ra2 Rfb8 30. g3 Rb1 31. Ra1 Rxa1 32. Rxa1 c3 33. Rc1 c2
34. Nxc2 Rc8 35. Rd1 Bxc2 36. Rd2 Be4 37. Rd1 Bf3 38. Ra1 Kg7 39. g4 h5 40. gxh5
gxh5 41. Kh2 h4 42. Ra4 Rh8 43. Rf4 Bd5 44. e4 Be6 45. Kg2 Kg6 46. e5 Kg5 47.
Rb4 Rd8 0-1

[Event "World Blitz Women 2017"]
[Site "Riyadh KSA"]
[Date "2017.12.29"]
[Round "9.30"]
[White "Badelka, Olga"]
[Black "Girya, Olga"]
[Result "1/2-1/2"]
[WhiteTitle "WIM"]
[BlackTitle "WGM"]
[WhiteElo "2388"]
[BlackElo "2484"]
[WhiteFideId "13509926"]
[BlackFideId "4195752"]
[EventDate "2017.12.29"]

1. c4 c6 2. e4 d5 3. exd5 cxd5 4. d4 Nf6 5. Nc3 Nc6 6. Bg5 dxc4 7. Bxc4 h6 8.
Bh4 Qxd4 9. Qxd4 Nxd4 10. O-O-O g5 11. Bg3 Ne6 12. Nf3 Bg7 13. Rhe1 O-O 14. h4
g4 15. Ne5 a6 16. Bb3 Nc5 17. Bc2 Be6 18. b4 Ncd7 19. Nxd7 Bxd7 20. Rxe7 Rac8
21. Be5 Bc6 22. g3 Bf3 23. Rd2 Rfe8 24. Rxe8+ Rxe8 25. Bd4 Rc8 26. Kb2 b5 27. a4
bxa4 28. Nxa4 Rd8 29. Nc5 Ne8 30. Kc3 Rc8 31. Bxg7 Kxg7 32. Kb2 a5 33. Ne4 axb4
34. Rd4 Rb8 35. Nc5 Nf6 36. Kb3 Bd5+ 37. Kb2 Bf3 38. Kb3 Nd5 39. Be4 Bxe4 40.
Rxe4 h5 41. Rd4 Nf6 42. Rxb4 Re8 43. Rf4 Re2 44. Nd3 Rd2 45. Kc3 Ra2 46. Kb3 Rd2
47. Kc3 Ra2 48. Kb3 Rd2 49. Kc3 Rd1 50. Kc2 Ra1 51. Kb2 Ra6 52. Kc2 Rc6+ 53. Kd2
Rd6 54. Ke2 Re6+ 55. Kd2 Ra6 56. Rf5 Kg6 57. Rf4 Ra5 58. Ke2 Ra2+ 59. Ke1 Ra5
60. Kd2 Rd5 61. Ke2 Nd7 62. Ke3 f6 63. Rb4 Ra5 64. Nf4+ Kf7 65. Rb7 Ke7 66. Rb3
Ne5 67. Rb7+ Kd6 68. Rb6+ Ke7 69. Rb7+ Kd6 70. Rb6+ Ke7 71. Rb7+ Kd6 1/2-1/2

[Event "World Blitz Women 2017"]
[Site "Riyadh KSA"]
[Date "2017.12.29"]
[Round "9.32"]
[White "Zozulia, Anna"]
[Black "Hoang, Thanh Trang"]
[Result "0-1"]
[WhiteTitle "IM"]
[BlackTitle "GM"]
[WhiteElo "2316"]
[BlackElo "2439"]
[WhiteFideId "14102110"]
[BlackFideId "12400149"]
[EventDate "2017.12.29"]

1. e4 e6 2. d4 d5 3. Nd2 Be7 4. Bd3 c5 5. dxc5 Nf6 6. exd5 Qxd5 7. Ngf3 Nbd7 8.
Qe2 Nxc5 9. Bc4 Qd8 10. O-O O-O 11. Ne5 Qc7 12. Ndf3 h6 13. c3 a6 14. a3 b5 15.
Ba2 Bb7 16. Be3 Bd6 17. Bd4 Rad8 18. Rad1 Rfe8 19. h3 Be4 20. b4 Na4 21. c4 bxc4
22. Qxc4 Bd5 23. Qxc7 Bxc7 24. Bc4 Bxc4 25. Nxc4 Nd5 26. Nfe5 Ndc3 27. Bxc3 Nxc3
28. Rxd8 Rxd8 29. Re1 Nb5 30. a4 Nd4 31. g3 f6 0-1

[Event "World Blitz Women 2017"]
[Site "Riyadh KSA"]
[Date "2017.12.29"]
[Round "9.33"]
[White "Vijayalakshmi, Subbaraman"]
[Black "Szczepkowska, Karina"]
[Result "1-0"]
[WhiteTitle "IM"]
[BlackTitle "IM"]
[WhiteElo "2357"]
[BlackElo "2419"]
[WhiteFideId "5004098"]
[BlackFideId "1122681"]
[EventDate "2017.12.29"]

1. Nf3 Nf6 2. g3 e6 3. Bg2 c5 4. O-O Be7 5. d4 O-O 6. c4 d5 7. cxd5 Nxd5 8. e4
Nb6 9. Nc3 cxd4 10. Nxd4 e5 11. Ndb5 Nc6 12. Nd5 Be6 13. Nbc7 Nxd5 14. Nxe6 fxe6
15. exd5 exd5 16. Qxd5+ Kh8 17. Be3 Qxd5 18. Bxd5 Rfd8 19. Be4 Nd4 20. Kg2 Rac8
21. Rac1 b6 22. Bb7 Rxc1 23. Rxc1 Bc5 24. Be4 Kg8 25. Kf1 g6 26. Rc4 a5 27. a3
Ne6 28. b4 axb4 29. axb4 Bd4 30. Rc6 Kf7 31. Ke2 b5 32. Bc2 Ke7 33. Bb3 Rd6 34.
Rxd6 Kxd6 35. Bxe6 Kxe6 36. Bxd4 exd4 37. Kd3 Ke5 38. f4+ Kd5 39. g4 h6 40. h4
h5 41. g5 Ke6 42. Kxd4 Kf5 43. Ke3 Kg4 44. Ke4 Kxh4 45. Kf3 Kh3 46. f5 1-0

[Event "World Blitz Women 2017"]
[Site "Riyadh KSA"]
[Date "2017.12.29"]
[Round "9.34"]
[White "Galojan, Lilit"]
[Black "Munguntuul, Batkhuyag"]
[Result "0-1"]
[WhiteTitle "IM"]
[BlackTitle "IM"]
[WhiteElo "2300"]
[BlackElo "2397"]
[WhiteFideId "13301314"]
[BlackFideId "4900758"]
[EventDate "2017.12.29"]

1. d4 d5 2. c4 c6 3. Nf3 Nf6 4. e3 Bf5 5. Nc3 e6 6. Nh4 Bg6 7. Be2 dxc4 8. Bxc4
Bh5 9. Nf3 Nbd7 10. Be2 Be7 11. O-O Qc7 12. e4 O-O 13. Bg5 Rfe8 14. Rc1 Nb6 15.
e5 Nfd5 16. Bxe7 Nxc3 17. bxc3 Qxe7 18. Nd2 Bxe2 19. Qxe2 c5 20. Ne4 cxd4 21.
cxd4 Red8 22. Rfd1 h6 23. h3 Rac8 24. Nd6 Rxc1 25. Rxc1 Rd7 26. Rc3 Rc7 27. Rg3
Nd5 28. Qg4 f5 29. Qh5 Nf4 30. Qxh6 Ne2+ 31. Kh2 Nxg3 32. Qf4 Ne4 33. Nb5 Rc2
34. f3 Nc3 35. Nd6 Nd5 36. Qg3 Ne3 0-1

[Event "World Blitz Women 2017"]
[Site "Riyadh KSA"]
[Date "2017.12.29"]
[Round "9.35"]
[White "Fierro Baquero, Martha L."]
[Black "Cornette, Deimante"]
[Result "0-1"]
[WhiteTitle "IM"]
[BlackTitle "IM"]
[WhiteElo "2369"]
[BlackElo "2439"]
[WhiteFideId "3600270"]
[BlackFideId "12802859"]
[EventDate "2017.12.29"]

1. c4 e6 2. Nf3 d5 3. b3 Nf6 4. g3 d4 5. Bg2 Nc6 6. O-O Be7 7. e3 e5 8. exd4
exd4 9. d3 O-O 10. Ba3 Bf5 11. Nh4 Bg4 12. Qd2 Re8 13. b4 a6 14. b5 axb5 15.
Bxe7 Nxe7 16. cxb5 Ned5 17. Re1 Qd7 18. a4 Rxe1+ 19. Qxe1 Re8 20. Qc1 h6 21. Nf3
Qf5 22. Nxd4 Qxd3 23. Nc2 Re2 24. Nba3 Nc3 25. Bf1 Qf3 26. Qf4 Rxf2 27. Qxf3
Rxf3 28. Re1 Nxa4 29. Re7 Rc3 30. Bg2 b6 31. Re1 Nc5 32. Re7 Nb3 33. Bc6 Bf5 34.
Ne3 Bd3 35. Nd5 Nxd5 36. Bxd5 Nd4 37. Rxf7 Kh7 38. Rf2 Rxa3 39. Rd2 g6 40. Kf2
Nxb5 41. Bc6 Nd6 42. Bf3 Bf5 43. Re2 Kg7 44. Re7+ Kf6 45. Rxc7 Ra2+ 46. Ke1 b5
47. Rc6 Ke5 48. Bd1 b4 49. h4 Rh2 50. Rb6 Ne4 51. Rxb4 Nxg3 52. Bf3 g5 53. hxg5
hxg5 54. Ra4 Ne4 55. Ra5+ Kf4 56. Be2 Rh1+ 57. Bf1 Bh3 0-1

[Event "World Blitz Women 2017"]
[Site "Riyadh KSA"]
[Date "2017.12.29"]
[Round "9.36"]
[White "Hoang, Thi Bao Tram"]
[Black "Arakhamia-Grant, Ketevan"]
[Result "0-1"]
[WhiteTitle "WGM"]
[BlackTitle "GM"]
[WhiteElo "2410"]
[BlackElo "2350"]
[WhiteFideId "12401102"]
[BlackFideId "13600168"]
[EventDate "2017.12.29"]

1. d4 Nf6 2. Nf3 g6 3. c4 Bg7 4. Nc3 O-O 5. e4 d6 6. h3 e5 7. d5 Nh5 8. Be3 a5
9. Nd2 Na6 10. g3 Bd7 11. Be2 Nf6 12. g4 c6 13. g5 Ne8 14. h4 Nac7 15. h5 cxd5
16. Nxd5 Nxd5 17. cxd5 b5 18. Bg4 f5 19. gxf6 Nxf6 20. Bxd7 Qxd7 21. hxg6 hxg6
22. Rg1 Qf7 23. Qf3 Rac8 24. Qe2 Rc2 25. Qxb5 Rfc8 26. Ke2 Nxe4 27. Qd3 Rxd2+
28. Bxd2 Qxf2+ 29. Kd1 Qxg1+ 30. Ke2 Qf2+ 31. Kd1 Qxd2+ 32. Qxd2 Nxd2 33. Kxd2
Rc5 34. a3 Rxd5+ 35. Ke3 Rb5 36. Rd1 Bf8 37. Rd2 Bh6+ 0-1

[Event "World Blitz Women 2017"]
[Site "Riyadh KSA"]
[Date "2017.12.29"]
[Round "9.37"]
[White "Gara, Anita"]
[Black "Zimina, Olga"]
[Result "0-1"]
[WhiteTitle "IM"]
[BlackTitle "IM"]
[WhiteElo "2367"]
[BlackElo "2415"]
[WhiteFideId "709751"]
[BlackFideId "4132190"]
[EventDate "2017.12.29"]

1. e4 c6 2. c4 d5 3. cxd5 cxd5 4. exd5 Nf6 5. Nc3 Nxd5 6. Qb3 Nxc3 7. dxc3 Nc6
8. Bb5 g6 9. Nf3 Bg7 10. O-O O-O 11. Bf4 Qb6 12. Rfe1 Na5 13. Qa4 a6 14. Bc4
Nxc4 15. Qxc4 Be6 16. Qe2 Rfe8 17. h3 Rac8 18. Be5 Bc4 19. Qc2 f6 20. Bd4 Qc6
21. Rad1 e5 22. Be3 Bd5 23. Qe2 Bxa2 24. Nd2 Be6 25. f3 Red8 26. Qf2 Bf7 27. Ne4
Bb3 28. Rxd8+ Rxd8 29. Bb6 Rd5 30. Be3 f5 31. Nc5 Bc4 32. b3 Rxc5 33. Bxc5 Bxb3
34. Rb1 Bc4 35. Rb6 Qd7 36. Rd6 Qc7 37. Qd2 h6 38. Bf2 Bf7 39. Rd7 Qc4 40. Be3
Kh7 41. Kh2 Bf8 42. Rxb7 Qc6 43. Qd7 Qxd7 44. Rxd7 Kg8 45. Ra7 Bc4 46. Ra8 Kf7
47. Kg1 g5 48. Kf2 f4 49. Bb6 Bd6 50. Ra7+ Kg6 51. Bd8 Bc5+ 52. Ke1 Bxa7 53. Ba5
Bc5 54. Bc7 Kf5 55. Bb8 Ke6 56. Bc7 Bd6 57. Bb6 Kd5 58. Ba5 Be7 59. Bb6 Kc6 60.
Ba5 Bd6 61. Bd8 Kb5 62. Bf6 a5 63. Kd2 a4 64. Kc2 Bf1 65. Bg7 Bxg2 66. Bxh6 Bxh3
67. Bxg5 Bg2 68. Bf6 Bxf3 69. Bg5 Be4+ 70. Kb2 f3 71. Be3 Bc5 72. Bxc5 Kxc5 0-1

[Event "World Blitz Women 2017"]
[Site "Riyadh KSA"]
[Date "2017.12.29"]
[Round "9.38"]
[White "Gu, Xiaobing"]
[Black "Karavade, Eesha"]
[Result "1/2-1/2"]
[WhiteTitle "WGM"]
[BlackTitle "IM"]
[WhiteElo "2332"]
[BlackElo "2384"]
[WhiteFideId "8602611"]
[BlackFideId "5012600"]
[EventDate "2017.12.29"]

1. e4 c5 2. Nf3 d6 3. d4 cxd4 4. Qxd4 Nc6 5. Bb5 Bd7 6. Bxc6 Bxc6 7. Nc3 Nf6 8.
Bg5 e6 9. O-O-O Be7 10. Qd3 Qa5 11. h4 h6 12. Bd2 Qa6 13. Nd4 Qxd3 14. cxd3 Bd7
15. Kb1 O-O 16. f3 e5 17. Nc2 Be6 18. Ne3 Rfd8 19. g4 d5 20. Nf5 Bxf5 21. gxf5
dxe4 22. dxe4 Bc5 23. Bc1 a6 24. b3 Bd4 25. Ne2 Bb6 26. Bb2 Nd7 27. Rd5 f6 28.
Rhd1 Nf8 29. Nc3 Bd4 30. Rxd8 Rxd8 31. Ne2 Bb6 32. Rxd8 Bxd8 33. h5 Nd7 34. Ba3
Nb8 35. Kc2 Bb6 36. Kd3 Nc6 37. Kc4 Kf7 38. Kd5 Ke8 39. f4 Be3 40. fxe5 Nxe5 41.
Bc5 Bxc5 42. Kxc5 Kd7 43. Kb6 Kc8 44. Nd4 Nd7+ 45. Ka5 Nc5 46. Ne6 Nxe4 47. Nxg7
Ng3 48. Kb6 Kb8 49. Kc5 Kc7 50. Ne8+ Kd8 51. Nxf6 Nxf5 52. Kd5 Ke7 53. Ke5 Ng7
54. Ng8+ Kd7 55. Nxh6 Nxh5 56. Nf5 Kc6 57. Ne7+ Kc5 58. a3 Ng7 59. b4+ Kb5 60.
Nc8 Ne8 61. Ke6 Kc6 62. Ne7+ Kb5 63. Kd7 Nf6+ 64. Kc7 b6 65. Nc8 Nd5+ 66. Kd6
Nc3 67. Kc7 Nd5+ 68. Kd6 Ne3 69. Kc7 Nc4 70. Kb7 a5 71. Nxb6 Nxb6 72. bxa5 Kxa5 1/2-1/2

[Event "World Blitz Women 2017"]
[Site "Riyadh KSA"]
[Date "2017.12.29"]
[Round "9.39"]
[White "Padmini, Rout"]
[Black "Rapport, Jovana"]
[Result "1-0"]
[WhiteTitle "IM"]
[BlackTitle "WGM"]
[WhiteElo "2324"]
[BlackElo "2299"]
[WhiteFideId "5029295"]
[BlackFideId "937266"]
[EventDate "2017.12.29"]

1. Nf3 d5 2. g3 Nc6 3. d4 Bf5 4. Bg2 Nb4 5. Na3 e6 6. c3 Nc6 7. Nc2 Be4 8. O-O
Nf6 9. Ne5 Bxg2 10. Nxc6 bxc6 11. Kxg2 c5 12. Bf4 Bd6 13. dxc5 Bxf4 14. gxf4 Ne4
15. Qd4 Qf6 16. f3 Qg6+ 17. Kh1 Nf6 18. Ne3 O-O 19. f5 exf5 20. Rg1 Ng4 21. fxg4
f4 22. Nxd5 Rfe8 23. Nxf4 Qc6+ 24. Qd5 Qf6 25. Qf3 Re5 26. Qxa8+ 1-0

[Event "World Blitz Women 2017"]
[Site "Riyadh KSA"]
[Date "2017.12.29"]
[Round "9.40"]
[White "Mamedjarova, Turkan"]
[Black "Charkhalashvili, Inga"]
[Result "0-1"]
[WhiteTitle "WGM"]
[BlackTitle "WGM"]
[WhiteElo "2260"]
[BlackElo "2355"]
[WhiteFideId "13402005"]
[BlackFideId "13601431"]
[EventDate "2017.12.29"]

1. d4 Nf6 2. Nf3 e6 3. c4 d5 4. Nc3 Bb4 5. Bg5 h6 6. Bh4 c5 7. e3 Nc6 8. cxd5
exd5 9. Bd3 cxd4 10. exd4 Qe7+ 11. Be2 g5 12. Bg3 Ne4 13. O-O Bxc3 14. bxc3 Nxc3
15. Qc2 Nxe2+ 16. Kh1 Nxg3+ 17. fxg3 Be6 18. Rae1 O-O 19. h4 g4 20. Ne5 Nxe5 21.
Rxe5 Kg7 22. Qe2 Qd7 23. Qe3 Rh8 24. Rh5 Qd6 25. Qf2 f5 26. Qe3 Raf8 27. Kh2 Rf6
28. Qc1 Kg6 29. Rf4 Kxh5 30. Qb2 b6 31. Qb3 Rc8 32. Qa4 Qd7 33. Qb4 Kg6 34. Qb1
Qc6 35. Rxg4+ Kh7 36. Rf4 Qc2 37. Qb4 Qc7 38. Qd2 Rg6 39. Rf3 Rcg8 40. Qe1 Bc8
41. Rc3 Qd7 42. Qc1 R6g7 43. Rc6 f4 44. Qc2+ Qf5 45. Rxc8 fxg3+ 46. Kh1 Qxc2 47.
Rxc2 Rf7 48. Rc1 Rgf8 49. Kg1 a5 50. Rb1 b5 51. a3 b4 52. axb4 axb4 53. Rc1 b3
54. Rd1 b2 55. Rb1 Rf1+ 0-1

[Event "World Blitz Women 2017"]
[Site "Riyadh KSA"]
[Date "2017.12.29"]
[Round "9.41"]
[White "Sedina, Elena"]
[Black "Kovanova, Baira"]
[Result "0-1"]
[WhiteTitle "IM"]
[BlackTitle "WGM"]
[WhiteElo "2312"]
[BlackElo "2367"]
[WhiteFideId "812153"]
[BlackFideId "4164083"]
[EventDate "2017.12.29"]

1. e4 e5 2. Nf3 d6 3. d4 exd4 4. Qxd4 Nc6 5. Bb5 Bd7 6. Bxc6 Bxc6 7. Nc3 Qf6 8.
Qxf6 Nxf6 9. O-O O-O-O 10. Bg5 Be7 11. Rfe1 h6 12. Bh4 Rhe8 13. Nd4 Bd7 14. f3
c6 15. Rad1 g5 16. Bf2 Nh5 17. Nf5 Bxf5 18. exf5 Kc7 19. Bxa7 b6 20. Na4 Kb7 21.
Bxb6 Ra8 22. Bf2 Rxa4 23. b3 Rxa2 24. g4 Ng7 25. Bd4 f6 26. Re2 Bd8 27. Rde1
Rxe2 28. Rxe2 c5 29. Bc3 Kc6 30. Kf2 d5 31. Be1 Ra7 32. Rd2 Re7 33. Kf1 Ba5 0-1

[Event "World Blitz Women 2017"]
[Site "Riyadh KSA"]
[Date "2017.12.29"]
[Round "9.42"]
[White "Papp, Petra"]
[Black "Gvetadze, Sofio"]
[Result "0-1"]
[WhiteTitle "WGM"]
[BlackTitle "IM"]
[WhiteElo "2313"]
[BlackElo "2289"]
[WhiteFideId "739049"]
[BlackFideId "13601440"]
[EventDate "2017.12.29"]

1. e4 Nf6 2. e5 Nd5 3. d4 d6 4. Nf3 dxe5 5. Nxe5 c6 6. Be2 Nd7 7. Nf3 g6 8. O-O
Bg7 9. Re1 O-O 10. Bf1 Re8 11. c4 N5f6 12. Nc3 Qc7 13. h3 a6 14. b3 b5 15. Bb2
bxc4 16. bxc4 Rb8 17. Rb1 Nf8 18. Ba1 Bf5 19. Rb3 h6 20. Qd2 g5 21. Ne5 N6d7 22.
Qe3 Nxe5 23. dxe5 Ne6 24. Ne2 Red8 25. Ng3 Bg6 26. Rxb8 Qxb8 27. Bc3 c5 28. Qf3
Nd4 29. Bxd4 cxd4 30. Bd3 Qb4 31. Rd1 Bxe5 32. Nf5 Bxf5 33. Qxf5 Bg7 34. h4 gxh4
35. Rb1 Qd6 36. c5 Qc6 37. Be4 Qa4 38. c6 Qc4 39. Rd1 e6 40. Qh7+ Kf8 41. Bf3 d3
42. Qe4 Qxe4 43. Bxe4 d2 44. c7 Rc8 45. Rxd2 Rxc7 46. Kf1 Ke7 47. Ke2 Rc4 48.
Bd3 Rg4 49. Kf3 Ra4 50. Rc2 a5 51. Ke2 Be5 52. Bb5 Ra3 53. Bd3 f5 54. Ke3 Bd6
55. f4 Kf6 56. Rd2 Bb4 57. Rc2 Bd6 58. Rc6 Bxf4+ 59. Kxf4 Rxd3 60. Ra6 Ra3 61.
Rb6 Ra4+ 62. Kf3 Rxa2 63. Rb8 a4 64. Rh8 a3 65. Rxh6+ Ke5 66. Rxh4 Ra1 67. Ra4
Kd5 68. Ra8 a2 69. Kf2 Ke4 70. Ra4+ Ke5 71. Ra5+ Kf4 72. Ra4+ Kg5 73. Ra8 e5 74.
Rg8+ Kf4 75. Ra8 e4 76. Ra4 Kg4 77. Ra5 e3+ 78. Ke2 Rg1 79. Ra4+ f4 80. Kd3 a1=Q 0-1

[Event "World Blitz Women 2017"]
[Site "Riyadh KSA"]
[Date "2017.12.29"]
[Round "9.43"]
[White "Enkhtuul, Altan-Ulzii"]
[Black "Mammadova, Gulnar"]
[Result "0-1"]
[WhiteTitle "WGM"]
[BlackTitle "IM"]
[WhiteElo "2344"]
[BlackElo "2357"]
[WhiteFideId "4901444"]
[BlackFideId "13403508"]
[EventDate "2017.12.29"]

1. d4 g6 2. Nf3 Bg7 3. c3 d6 4. Bf4 Nf6 5. e3 Nh5 6. Bg5 h6 7. Bh4 g5 8. Bg3
Nxg3 9. hxg3 c6 10. Na3 Nd7 11. Bd3 Nf6 12. Qc2 Qc7 13. e4 b5 14. e5 Nd5 15.
exd6 Qxd6 16. Be4 Be6 17. O-O O-O 18. Qe2 Nb6 19. Nc2 Bc4 20. Bd3 Bxd3 21. Qxd3
e5 22. Qe2 Rae8 23. dxe5 Qc7 24. Rfe1 Nc4 25. Ncd4 Nxe5 26. Nxe5 Rxe5 27. Qf3
Rxe1+ 28. Rxe1 Bxd4 29. cxd4 Qd6 30. Qe4 Rd8 31. Rd1 Qd5 32. Qc2 c5 33. a4 b4
34. Rc1 cxd4 35. Qd3 Qe5 36. b3 a5 37. Kf1 Kg7 38. Re1 Qc5 39. Qe4 d3 40. Rd1 d2
41. Ke2 Rd6 42. Kf1 Qc3 43. Qe2 Qd3 44. Qxd3 Rxd3 0-1

[Event "World Blitz Women 2017"]
[Site "Riyadh KSA"]
[Date "2017.12.29"]
[Round "9.44"]
[White "Ambartsumova, Karina"]
[Black "Atalik, Ekaterina"]
[Result "1/2-1/2"]
[WhiteTitle "WGM"]
[BlackTitle "IM"]
[WhiteElo "2359"]
[BlackElo "2451"]
[WhiteFideId "4166299"]
[BlackFideId "4130189"]
[EventDate "2017.12.29"]

1. d4 d5 2. Nf3 Nf6 3. Bf4 e6 4. e3 c5 5. c3 Nc6 6. Nbd2 Be7 7. Bd3 Nh5 8. Be5
Nxe5 9. Nxe5 Nf6 10. O-O O-O 11. f4 Ne8 12. Qh5 g6 13. Qe2 f6 14. Nef3 Ng7 15.
Rae1 Bd6 16. Kh1 Qc7 17. c4 Bd7 18. dxc5 Bxc5 19. Nb3 Bb4 20. Rd1 dxc4 21. Bxc4
Rad8 22. Nbd4 Kh8 23. a3 Be7 24. Rc1 Qb8 25. Nb5 a6 26. Nc3 b5 27. Ba2 Bc6 28.
Nd4 Bd7 29. Nf3 Qb7 30. Rcd1 Bc6 31. Nd4 Bc5 32. b4 Bxd4 33. exd4 Qb6 34. Qf2
Bd5 35. Bxd5 exd5 36. Qf3 Qc6 37. Rc1 Qb7 38. Rfe1 Nf5 39. Rcd1 Rf7 40. Re6 Kg7
41. Qd3 Rc7 42. Rde1 Qc8 43. Nd1 Rc1 44. Nf2 Qxe6 45. Rxc1 Rd7 46. g3 Qe3 47.
Qxe3 Nxe3 48. Rc6 Nf5 49. Rxa6 Nxd4 50. Rb6 Nc2 51. Rxb5 Nxa3 52. Rb8 d4 53. Nd3
Rc7 54. Rd8 Nb5 55. Rd5 Rc3 56. Rxb5 Rxd3 57. Rd5 Rd2 58. b5 d3 59. b6 Rb2 1/2-1/2

[Event "World Blitz Women 2017"]
[Site "Riyadh KSA"]
[Date "2017.12.29"]
[Round "9.45"]
[White "Doluhanova, Evgeniya"]
[Black "Bivol, Alina"]
[Result "0-1"]
[WhiteTitle "WGM"]
[BlackTitle "WGM"]
[WhiteElo "2352"]
[BlackElo "2356"]
[WhiteFideId "14112035"]
[BlackFideId "4100123"]
[EventDate "2017.12.29"]

1. e4 e6 2. d4 d5 3. Bd3 Nf6 4. e5 Nfd7 5. c3 c5 6. Nf3 Nc6 7. O-O Qb6 8. Bc2
Be7 9. b3 cxd4 10. cxd4 Nb4 11. Nc3 Nxc2 12. Qxc2 h6 13. a4 O-O 14. Ba3 Bxa3 15.
Rxa3 Qb4 16. Raa1 b6 17. Na2 Qe7 18. Rfc1 Ba6 19. Qd2 Rfc8 20. Qb4 Qe8 21. Qd6
Rd8 22. Qa3 Rdc8 23. Nb4 Bb7 24. Nd3 Nf8 25. h4 Ng6 26. h5 Ne7 27. Rxc8 Rxc8 28.
Rc1 Ba6 29. Nb4 Be2 30. Na2 Bxf3 31. gxf3 Nf5 32. Qb4 Rxc1+ 33. Nxc1 Qc8 34. Qd2
Nxd4 35. Kg2 Nf5 36. Ne2 Qc5 37. b4 Qc4 38. a5 d4 39. axb6 axb6 40. Nf4 Qc3 41.
Qa2 Nh4+ 42. Kf1 Qc1+ 43. Ke2 Qxf4 0-1